000
00289nam a2200121Ia 4500
008
190216s9999||||xx |||||||||||||| ||und||
100
_a
Bakshi. Ak
245
0
_a
Text Book For Class Xii
260
_b
Ncrt - Newdelhi
_c
2003
300
_a
384
650
_a
Chemistry-Chemistry
942
_c
REF
999
_c
36706
_d
36706